00349nam a2200145Ia 4500008004100000020001500041041001200056082001100068100001600079245004000095260003500135300000800170650001000178700001500188221030s9999 xx 000 0 und d a8121923182 aEnglish a105.23 aB. R. Gupta 0aFundamentals of Electrical Networks bS. Chand & CoaNew Delhic2005 a642 aBB EE aV. Singhal